000 00474nam a2200181Ia 4500
005 20250326141453.0
008 250326s9999 xx 000 0 und d
037 _aTextbook
040 _aFMSL
_beng
_cFMSL
041 _aeng
_2eng
084 _qFMSL
100 _aGordon J R
_9313299
245 0 _aManagement and organizations Behaviour
_cGordon J R
260 _aBoston
_bBoston, Allan & Bacon
_c1990
300 _a767p
942 _cTB
999 _c1290456
_d1290456